00773nam a2200193 i 450000100060000000300090000600500170001500700030003200800410003510000260007624501720010225000150027426000480028930000320033770000350036985200320040499900170043695201260045385775ES-MaACL20230906175315.0t|041201s1959 sp ||||1| spa d1 aJungk, Robert.96730010aMás brillante que mil soles b: los hombres del átomo ante la historia y ante su conciencia / cRobert Jungk ; [traducido del alemán por Ana M. Schuluter Rodes]. a[1ª ed.]. aBarcelona : bArgos, c[1959] (fRaiclán) a315 p., 7 lám. ; c22 cm.1 aSchluter Rodes, Ana M.9104441 aES-MaACLjC-16462 bR.44418 c85775d85775 00104070aATENEOMbATENEOMcGaleríad2008-01-17eSCl0oC-16462p1089631r2023-02-23 00:00:00w2023-02-23yMONOGRAFIA